000
00246nam a2200109Ia 4500
008
190216s9999||||xx |||||||||||||| ||und||
100
_a
Kesavadev P
245
0
_a
Aark Vendi
260
_b
Poorna Pubs Kozhikode
650
_a
Malayalam
942
_c
BK
999
_c
26819
_d
26819